Quizzes
Events
Quiz Creation
Community
Videos
Private Events
Remove Ads
Sign In
Join for FREE
Feedback
Dark Mode
Quiz Categories
Sports
Geography
Music
Movies
Television
Just For Fun
Miscellaneous
History
Literature
Language
Science
Gaming
Entertainment
Religion
Holiday
For Kids
Quiz Lab
Recent
Popular Today
Quiz Kudos Today
Editor Picks
Curator Picks
Quizzes by...
Day
Popularity
Type
Ratings
Length
Year
Community
Subscriptions
Recent Discussions
Orange Saloon
Badges
Playlists
Quests
Create
Leaderboards
Showdown
Live 5
Trivia Bingo
Activity
Puzzle Library
Sporcle Events
Private Events
Virtual Trivia
Globe League
Become a Host
Pub Owners
SporcleCon
Opinionation
Our Games
Videos
Blog
Mobile Apps
Partnerships
Remove Ads and Go Orange
Feedback
Television
TV Characters
TV Show
Sitcom
Network
Friends
Reality Shows
Cast
South Park
Star Trek
The Simpsons
Doctor Who
Television
TV Characters
TV Show
Sitcom
Network
Friends
Reality Shows
Cast
South Park
Star Trek
The Simpsons
Doctor Who
Random Quiz
Search Sporcle
×
Curator Pick
Curator Pick
Television
A Song of Ice and Fire
Type answers based on single images at one time
Type answers based on single images at one time
Slideshow
Best Score? Go Orange.
Top 40 'Game of Thrones' Characters (Slideshow) Stats
Can you name the top 40 'Game of Thrones' characters according to Rolling Stone?
By
jencon117
7m
40 Questions
3,634 Plays
3,634 Plays
3,634 Plays
Comments
Comments
Give Quiz Kudos
Give Quiz Kudos
-
- Ratings
hide this ad
Replay
Link that replays current quiz
Next Quiz
Link to next quiz in quiz playlist
You Got
0%
They Got
Avg Score
94%
Avg Friend Score
Upgrade to see
Score Distribution
Jump to the score distribution portion of the page
Score
0/40
Timer
07:00
0
Plays Today
% Correct
Catelyn Stark
98.4%
Jon Snow
97.2%
Bran Stark
97%
Samwell Tarly
96.9%
Robb Stark
96.9%
Theon Greyjoy
96.8%
Tyrion Lannister
96.7%
Arya Stark
96.6%
Sansa Stark
96.5%
Eddard Stark
96.5%
Petyr 'Littlefinger' Baelish
96.5%
Robert Baratheon
96.4%
Sandor 'The Hound' Clegane
96.4%
Cersei Lannister
96.3%
Joffrey Baratheon
96.2%
Khal Drogo
96.1%
Jaime Lannister
95.9%
Tywin Lannister
95.9%
Daenerys Targaryen
95.4%
Renly Baratheon
95%
% Correct
Brienne of Tarth
94.4%
Stannis Baratheon
94.3%
Varys
94.2%
Loras Tyrell
94.2%
Jorah Mormont
94.1%
Ygritte
94%
Shae
93.9%
Melisandre
93.9%
Walder Frey
93.7%
Viserys Targaryen
93.4%
Margaery Tyrell
93.4%
Ramsay Snow
93.1%
Bronn
91.7%
Davos Seaworth
91.6%
Olenna Tyrell
91%
Osha
91%
Gendry
90.4%
Roose Bolton
89.5%
Barristan Selmy
87.6%
Talisa Stark
80.5%
Quiz Playlist
Details
Report
Send in Message
Add To Playlist
Slideshow:
Type answers based on single images at one time
Quiz Source
Last Updated: Mar 5, 2018
Curator Pick in
A Song of Ice and Fire
Quiz Scoreboard
CHALLENGE
Sign Up to Join the Scoreboard
Show All
Scores
Hide
Comments
May contain spoilers
Recently Published
Movies - When Are They Set?
by FPL_Elf
Movies
5m
Popular People in 1961
by mucciniale
History
6m
1-10 Letter E Words III
by El_Dandy
Language
2m
More to Explore
Quiz From the Vault
Featured Blog Post
Where Did the Easter Bunny Come From?
hide this ad
You Might Also Like...
Tags
A Song of Ice and Fire Quiz
asoiaf
Game of Thrones
George RR Martin
Slideshow
Top 40
Today's Top Quizzes in Television
Browse Television
hide this ad
Today's Top Quizzes in A Song of Ice and Fire
Browse A Song of Ice and Fire
Top Contributed Quizzes in Television
1
One Piece Logic Puzzle
2
Survivor Logic Puzzle: Heroes vs. Villains
3
Survivor Seasons
4
Survivor Season by Logo
5
Survivor Trivia
6
One Thing in Common: Television
7
Who Wants to Be a Millionaire?
8
Survivor Logic Puzzle: Winners at War
9
Ultimate Survivor Logic Puzzle
10
Phoebe Buffay Quotes
Explore More
Trending Topics
NBA
Harry Potter
Disney
Kpop
Anime
Marvel
Crossword
Puzzle
Soccer
Song
Pokémon
NFL
The Office
Country
WWE
hide this ad
More By:
jencon117
Quiz
Plays
Rating
Category
Featured
Created
Disney Character Movie Match
410,681
4.67
Movies
Jul 7, 2014
Disney Lyrics: Let It Go
246,101
4.50
Music
Dec 4, 2013
Disney Character Movie Match II
109,755
4.42
Movies
Jul 7, 2015
According to Netflix: TV Comedies
95,587
4.50
Television
Jul 22, 2015
According to Netflix: Animated Features
90,024
4.66
Movies
Jul 20, 2015
Go to Creator's Profile
Score Distribution
Quiz Creator Spotlight
jencon117
Follow
Send a Message
Quizzes Created
-
Created Quiz Play Count
-
More By This Creator
Popular Quizzes Today
1
Find the Countries of Europe - No Outlines Minefield
2
Find the US States - No Outlines Minefield
3
The Countries of the World
4
Popular People in 1961
5
1-10 Letter E Words III
6
US States
7
Find the US States
8
One Thing in Common: World Cities II
More Television Quizzes
LOST Non-Regulars
Editor's Pick
Trending Quizzes
Risky Map Clicking: Least Populous States A-Z
Humor Books: The Subtitles
1-10 Letter F Words
1-10 Letter G Words
One Thing in Common: United Kingdom
Recently Updated
Leaping Animals
pecheneg
Reality TV Shows (A-Z)
bhenderson79
Rickey Henderson's Hall of Fame Teammates
pecheneg
Champions League XIs: Arsenal
pecheneg
Quick Pick: Celebrities in WWE's Hall of Fame
aduchscher
A-Z Keypad Blitz II
pecheneg
Multiple Oscar Actors
pecheneg
Mystery Phrase Blitz: Oscar 'Best Actors'
pecheneg
F. Scott Fitzgerald Novels
LTH
Pick 3 Villains
ddd62291
Trending Topics
Kpop
NBA
Anime
Harry Potter
Disney
Crossword
Marvel
The Office
WWE
Pokémon
NFL
Puzzle
Country
Soccer
Song
Your Account Isn't Verified!
In order to create a playlist on Sporcle, you need to verify the email address you used during registration. Go to your
Sporcle Settings
to finish the process.
Report this User
Report this user for behavior that violates our
Community Guidelines
.
Details:
Send Report
Go to the Sporcle.com Mobile Site →
Comments